| 000 -LEADER |
| fixed length control field |
00895nam a22003257a 4500 |
| 001 - CONTROL NUMBER |
| control field |
11947979 |
| 003 - CONTROL NUMBER IDENTIFIER |
| control field |
LIBRIS |
| 005 - DATE AND TIME OF LATEST TRANSACTION |
| control field |
20210426095747.0 |
| 008 - FIXED-LENGTH DATA ELEMENTS--GENERAL INFORMATION |
| fixed length control field |
101018s2007 xx |||| |00| 0 eng d |
| 020 ## - INTERNATIONAL STANDARD BOOK NUMBER |
| International Standard Book Number |
9780470050774 |
| 035 ## - SYSTEM CONTROL NUMBER |
| System control number |
(BOKR)9780470050774 |
| 040 ## - CATALOGING SOURCE |
| Original cataloging agency |
BOKR |
| Transcribing agency |
DLC |
| 041 ## - LANGUAGE CODE |
| Language code of text/sound track or separate title |
eng |
| 080 ## - UNIVERSAL DECIMAL CLASSIFICATION NUMBER |
| Universal Decimal Classification number |
005 |
| Item number |
B-35 |
| 100 1# - MAIN ENTRY--PERSONAL NAME |
| Personal name |
Quinn, Robert E. |
| 245 10 - TITLE STATEMENT |
| Title |
Becoming a Master Manager: A Competing Values Approach, 4th Edition |
| 250 ## - EDITION STATEMENT |
| Edition statement |
4. uppl. |
| 260 ## - PUBLICATION, DISTRIBUTION, ETC. |
| Name of publisher, distributor, etc. |
John Wiley & Sons, |
| Date of publication, distribution, etc. |
2007 |
| 263 ## - PROJECTED PUBLICATION DATE |
| Projected publication date |
200609 |
| 300 ## - PHYSICAL DESCRIPTION |
| Extent |
379 p. : |
| Other physical details |
ill |
| 588 ## - SOURCE OF DESCRIPTION NOTE |
| Source of description note |
BOKR: Ursprungligen utgiven av John Wiley & Sons |
| 650 #0 - SUBJECT ADDED ENTRY--TOPICAL TERM |
| 9 (RLIN) |
324 |
| Topical term or geographic name entry element |
Management |
| 653 ## - INDEX TERM--UNCONTROLLED |
| Uncontrolled term |
მართვა |
| 700 1# - ADDED ENTRY--PERSONAL NAME |
| Personal name |
Clair, Lynda St. |
| Relationship |
aut |
| 700 1# - ADDED ENTRY--PERSONAL NAME |
| Personal name |
Faerman, Sue R. |
| Relationship |
aut |
| 700 0# - ADDED ENTRY--PERSONAL NAME |
| Personal name |
Thomps |
| Relationship |
aut |
| 942 ## - ADDED ENTRY ELEMENTS (KOHA) |
| Source of classification or shelving scheme |
|
| Koha item type |
Books |